| 000 | 01073cam a22003257a 4500 | ||
|---|---|---|---|
| 003 | CHAP | ||
| 005 | 20220329142254.0 | ||
| 008 | 000418d1996 us r 00010 eng d | ||
| 010 | _a80880 | ||
| 011 | _a81852 | ||
| 020 | _a0824795229 | ||
| 035 | _a92333 | ||
| 040 | _cCHAP | ||
| 082 | 0 | 4 |
_a632.7 _bS82 |
| 100 | 0 | 0 |
_aSubramanyam, Bhadriraju _eed. _9110156 |
| 245 | 1 | 0 |
_aIntegrated management of insects in stored products _c/ed. by Bhadriraju Subramanyam and David W. Hagstrum |
| 260 |
_aNew York : _bMarcel Dekker, _c1996. |
||
| 300 | _a426 p. | ||
| 590 |
_aBATCH-UPD _b10 _c20130110 _lUCH01 _h0629 |
||
| 590 |
_aBATCH-UPD _b10 _c20130110 _lUCH01 _h2321 |
||
| 590 |
_aCONVERSION _b10 _c20130109 _lUCH01 _h1345 |
||
| 650 | 1 | 4 |
_aAlimentos _xAlmacenamiento _xPlagas. _94163 |
| 650 | 1 | 4 |
_aControl de plagas. _927595 |
| 650 | 1 | 4 |
_aManejo integrado de plagas. _970365 |
| 700 | 0 |
_aHagstrum, David W. _eed. _952235 |
|
| 901 | _aBK | ||
| 905 | _aLilia Sánchez G. | ||
| 942 | _cLIBRO | ||
| 949 |
_a632.7 S82 _bBC _cLIBRO _d33724000778296 _eLIBRO _gI.203103 _h97841 _i92333 _si _t$2.132.00 |
||
| 999 |
_c80880 _d80880 |
||